Business to Business Marketing. (Record no. 349647)

000 -LEADER
fixed length control field 00491nam a22001817a 4500
003 - CONTROL NUMBER IDENTIFIER
control field OSt
005 - DATE AND TIME OF LATEST TRANSACTION
control field 20180116182956.0
008 - FIXED-LENGTH DATA ELEMENTS--GENERAL INFORMATION
fixed length control field 140418b xxu||||| |||| 00| 0 eng d
020 ## - INTERNATIONAL STANDARD BOOK NUMBER
International Standard Book Number 9788132107460
040 ## - CATALOGING SOURCE
Original cataloging agency 0
Language of cataloging 0
Transcribing agency 0
082 ## - DEWEY DECIMAL CLASSIFICATION NUMBER
Edition number 2nd Ed.
Classification number 658.804 BRE 2011
100 ## - MAIN ENTRY--PERSONAL NAME
Personal name Ross Brennan Louise Canning
245 ## - TITLE STATEMENT
Title Business to Business Marketing.
Statement of responsibility, etc. Ross Brennan Louise Canning.
260 ## - PUBLICATION, DISTRIBUTION, ETC.
Date of publication, distribution, etc. 2011
300 ## - PHYSICAL DESCRIPTION
Extent 386p.
Other physical details PB
440 ## - SERIES STATEMENT/ADDED ENTRY--TITLE
Title Business to Business Marketing
942 ## - ADDED ENTRY ELEMENTS (KOHA)
Source of classification or shelving scheme
Koha item type Book
Holdings
Withdrawn status Lost status Source of classification or shelving scheme Damaged status Not for loan Collection code Permanent Location Current Location Shelving location Date acquired Total Checkouts Total Renewals Full call number Barcode Date last seen Date last checked out Price effective from Koha item type
            Central Library (CL) Central Library (CL) General Stacks 04/18/2014 2 1 658.804 BRE 2011 NBS9126 12/11/2019 06/20/2019 04/18/2014 Book
© 2023 Central Library, National University of Sciences and Technology. All Rights Reserved.